Aspectos psicosociales en la problemática de los refugiados nicaragüenses de origen campesino

Պահպանված է:
Մատենագիտական մանրամասներ
Հիմնական հեղինակ: Pacheco Oreamuno, Gilda
Ձևաչափ: Տեքստ
Հրապարակվել է: San José: Confederación Universitaria Centroamericana. Hemispheric Migration Policy and Refugee Assistance
Ցուցիչներ: Ավելացրեք ցուցիչ
Չկան պիտակներ, Եղեք առաջինը, ով նշում է այս գրառումը!

MARC

LEADER 00000 a a2200000 04500
001 21456
003
040
090 |a 094600  
100 |a Pacheco Oreamuno, Gilda  
245 |a Aspectos psicosociales en la problemática de los refugiados nicaragüenses de origen campesino  
260 |a San José:   |b Confederación Universitaria Centroamericana. Hemispheric Migration Policy and Refugee Assistance  
300 |a 78 p.  
999 |c 17353  |d 17353